Commentary on Benami Property Laws (With Latest Citations Up to Date) / (Record no. 613036)
[ view plain ]
| 000 -LEADER | |
|---|---|
| fixed length control field | 00426nam a22001337a 4500 |
| 082 ## - DEWEY DECIMAL CLASSIFICATION NUMBER | |
| Classification number | 346.048 |
| Author Mark | AKH |
| 100 ## - MAIN ENTRY--PERSONAL NAME | |
| Personal name | Shah Syed Saleem Akhtar |
| 245 ## - TITLE STATEMENT | |
| Title | Commentary on Benami Property Laws (With Latest Citations Up to Date) / |
| Statement of responsibility, etc. | Syed Saleem Akhtar Shah |
| 250 ## - EDITION STATEMENT | |
| Edition statement | Edition-2022 |
| 260 ## - PUBLICATION, DISTRIBUTION, ETC. | |
| Place of publication, distribution, etc. | Lahore, |
| Name of publisher, distributor, etc. | Law & Justice Book House |
| Date of publication, distribution, etc. | 2022. |
| 300 ## - PHYSICAL DESCRIPTION | |
| Extent | 288,p; |
| Dimensions | 24,cm |
| 650 ## - SUBJECT ADDED ENTRY--TOPICAL TERM | |
| Topical term or geographic name entry element | Property Laws |
| 942 ## - ADDED ENTRY ELEMENTS (KOHA) | |
| Source of classification or shelving scheme | |
| Koha item type | Book |
| 650 ## - SUBJECT ADDED ENTRY--TOPICAL TERM | |
| -- | 128026 |
| Withdrawn status | Lost status | Source of classification or shelving scheme | Damaged status | Not for loan | Permanent Location | Current Location | Date acquired | Total Checkouts | Full call number | Barcode | Date last seen | Price effective from | Koha item type | Source of acquisition |
|---|---|---|---|---|---|---|---|---|---|---|---|---|---|---|
| NUST Law School (NLS) | NUST Law School (NLS) | 02/28/2025 | 346.048 AKH | NLS-225 | 02/28/2025 | 02/28/2025 | Book | |||||||
| NUST Law School (NLS) | NUST Law School (NLS) | 02/28/2025 | 346.048 AKH | NLS-226 | 02/28/2025 | 02/28/2025 | Book | |||||||
| NUST Law School (NLS) | NUST Law School (NLS) | 02/28/2025 | 346.048 AKH | NLS-227 | 02/28/2025 | 02/28/2025 | Book | |||||||
| NUST Law School (NLS) | NUST Law School (NLS) | 06/26/2025 | 346.048 AKH | NLS-2110 | 06/26/2025 | 06/26/2025 | Book | Pakistan :Law House | ||||||
| NUST Law School (NLS) | NUST Law School (NLS) | 06/26/2025 | 346.048 AKH | NLS-2111 | 06/26/2025 | 06/26/2025 | Book | Pakistan :Law House | ||||||
| NUST Law School (NLS) | NUST Law School (NLS) | 06/26/2025 | 346.048 AKH | NLS-2112 | 06/26/2025 | 06/26/2025 | Book | Pakistan :Law House |
